Meteororvm, Hoc Est, Impressionvm Aerearvm Et mirabilium naturae operum, loci ferè omnes, Methodo Dialectica conscripti, [et] singulari quadam cura diligentia[que] in eum ordinem digesti ac distributi, Item: Catalogvs Prodigiorvm Atqve Ostentorum, tam coelo quàm in terra, in poenam scelerum ac magnarum in Mundo uicissitudinum signifcationem, iam inde ab initio diuinitus exhibitorum, ab eodem conscriptus.

Bibliographic Details
Main Author: Fritsche, Markus, 16. storočie (Author, Author of introduction, etc., Dedicator)
Corporate Author: Neuber, Ulrich (Norimberg, Nemecko) (Printer)
Other Authors: Neuber, Ulrich, zomrel 1571 (Printer)
Format: Book
Language:Latin
PhysicalDescription:[28], 179 l. 8°
Published: Noribergae, In officina Ioannis Montani, 1555.
Subjects:

MARC

LEADER 00000nam a2200000 a 4500
001 vtls011545657
003 SK-MaSNL
005 20260301225350.0
008 251112s1555 gw 011 0 lat
015 |a SNBHFA1555 
035 |a 2F57F1C4-3D56-4369-98F2-8EA89FD80E4A 
035 |a urn:nbn:sk:snk-am3h9tm 
035 |a urn:nbn:sk:snk-am00cr2l 
040 |a SNKHF  |b slo  |c SDKK  |e AACR2 
041 0 |a lat 
044 |a gw  |c DE 
072 7 |a 551  |x Geológia. Meteorológia. Klimatológia  |2 konspekt 
080 |a 551  |2 2011 
080 |a 630*111  |2 2011 
080 |a 001.891  |2 2011 
100 1 |a Fritsche, Markus,  |d 16. storočie  |4 aut  |4 aui  |4 dto  |9 54458 
245 1 0 |a Meteororvm, Hoc Est, Impressionvm Aerearvm Et mirabilium naturae operum, loci ferè omnes, Methodo Dialectica conscripti, [et] singulari quadam cura diligentia[que] in eum ordinem digesti ac distributi,  |b Item: Catalogvs Prodigiorvm Atqve Ostentorum, tam coelo quàm in terra, in poenam scelerum ac magnarum in Mundo uicissitudinum signifcationem, iam inde ab initio diuinitus exhibitorum, ab eodem conscriptus.  |c A M.Marco Frytschio Lavbano Hexapolensi: Lusaciae superioris alumno 
260 |a Noribergae,  |b In officina Ioannis Montani,  |c 1555.  |e Noribergae,  |f Vlrici Neuber 
300 |a [28], 179 l.  |c 8° 
500 |a Iniciálky s ornamentálnym pozadím v rámčeku na 4 a 6 r. 
501 |a Príväzok 2. k: MATTHISIUS, Gerhard. Aaristotelis De Rervm Principiis Liber primus, in certam Methodum redactus, [et] per Erotemata explicatus. Coloniae: Excudebat Petrus Horst, 1556.  |5 SNK IE 10027/prív.2 
508 |a Predslov autora; Ded.: Markus Fritche; Ferdinand Habsburg - cisár ríše rímskej 
510 4 |a VD 16  |c F/3027 
546 |a Latinčina  |b Kurzíva 
650 0 7 |a meteorológia  |2 SNKPH  |9 873 
650 0 7 |a oceány  |2 SNKPH  |9 67525 
650 0 7 |a atmosféra  |2 SNKPH  |9 3639 
650 0 7 |a metódy  |2 SNKPH  |9 3855 
655 7 |a otázky  |2 SNKPH  |9 423955 
655 7 |a odpovede  |2 SNKPH  |9 618842 
700 1 |a Habsburg, Ferdinand  |c cisár ríše rímskej, kráľ uhorský a český,  |d 1529-1595  |4 hnr  |9 618843 
700 1 |a Vom Berg, Johann,  |d zomrel 1563  |4 pbl  |9 126277 
700 1 |a Neuber, Ulrich,  |d zomrel 1571  |4 prt  |9 176956 
710 2 |a Lontovska knižnica (Lontov, Slovensko)  |4 fmo  |9 341279 
710 0 |a Vom Berg, Johann (Norimberg, Nemecko),  |d 1543-1563  |4 pbl  |9 52581 
710 0 |a Neuber, Ulrich (Norimberg, Nemecko),  |d 1542-1571  |4 prt  |9 435944 
752 |a Nemecko  |d Nürnberg 
852 |a snk  |b Lontovská knižnica  |p IE 10027/prív.2 
958 |a ONDV 
999 |c 950617  |d 952547 
952 |t AL 16147  |a SNK  |b SNK  |c SNK_HF  |y PREZ  |7 0  |p 17A1127590  |o snkIE 10027/prív.2  |i snk2016/9659  |8 5  |0 0  |1 0  |4 0  |d 2016-04-15  |f 1  |l 0  |r 2026-02-24 09:47:05  |w 2026-02-24